| 000 | 00920nam0a22002651 4500 | ||
|---|---|---|---|
| 001 | rc\2258099 | ||
| 005 | 20250623070639.0 | ||
| 035 | _a(NLR Aleph) 006656235 | ||
| 090 |
_a4846573 _c4846573 |
||
| 100 | _a20110829d1979 |||y0rusy50 ca | ||
| 101 | 0 | _arus | |
| 102 | _aRU | ||
| 105 | _aa j ||||| | ||
| 200 | 1 |
_aГидравлика и гидропривод горных машин _eУчебник для студентов вузов, обучающихся по спец. "Гор. машины и комплексы" |
|
| 210 |
_aМосква _cМашиностроение _d1979 |
||
| 215 |
_a319 с. _cил. _d22 |
||
| 320 | _aБиблиогр.: с. 311 | ||
| 700 | 1 |
_aКоваль _bП.В. _gПетр Васильевич |
|
| 801 | 0 |
_aRU _bNLR _gpsbo |
|
| 801 | 1 |
_aRU _bELAR _2rusmarc |
|
| 852 |
_aNLR _j79-5/2710 |
||
| 899 |
_aRuMoRGB _jБ 79-12/209 |
||
| 899 |
_aRuMoRGB _jБ 79-12/210 |
||
| 942 | _cBOOK | ||
| 980 | _aNB | ||